[Event "WYCC U14 Open 2019"]
[Site "Mumbai"]
[Date "2019.10.09"]
[Round "8.2"]
[White "Morgunov, Marc"]
[Black "Suleymanli, Aydin"]
[Result "1/2-1/2"]
[WhiteElo "2280"]
[BlackElo "2426"]
[Annotator "ChessBase"]
[PlyCount "67"]
[EventDate "2019.10.02"]
[EventType "swiss"]
[EventCountry "IND"]
[SourceTitle "playchess.com"]
[Source "ChessBase"]
[SourceQuality "1"]
[TimeControl "40/5400+30:1800+30"]

1. e4 {[%emt 0:00:00]} c6 {[%emt 0:00:18]} 2. Nc3 {[%emt 0:00:00]} d5 {[%emt 0:00:16]} 3. d4 {[%emt 0:00:00]} dxe4 {[%emt 0:00:04]} 4. Nxe4 {[%emt 0:00:00]} Bf5 {[%emt 0:00:07]} 5. Ng3 {[%emt 0:00:00]} Bg6 {[%emt 0:00:05]} 6. Nh3 {[%emt 0:00:03]} e6 {[%emt 0:00:35]} 7. Nf4 {[%emt 0:01:14]} Bd6 {[%emt 0:00:06]} 8. c3 {[%emt 0:02:14]} Qc7 {[%emt 0:08:39]} 9. Nxg6 {[%emt 0:04:29]} hxg6 {[%emt 0:00:24]} 10. Ne4 {[%emt 0:00:07]} Bf4 {[%emt 0:00:27]} 11. Bxf4 {[%emt 0:00:32]} Qxf4 {[%emt 0:00:07]} 12. Qe2 {[%emt 0:00:08]} Nf6 {[%emt 0:01:20]} 13. Nxf6+ {[%emt 0:01:32]} gxf6 {[%emt 0:00:05]} 14. g3 {[%emt 0:02:28]} Qd6 {[%emt 0:00:41]} 15. Bg2 {[%emt 0:02:05]} Nd7 {[%emt 0:00:07]} 16. O-O {[%emt 0:08:42]} Kf8 {[%emt 0:03:50]} 17. c4 {[%emt 0:10:32]} Kg7 {[%emt 0:16:50]} 18. Rfd1 {[%emt 0:05:03]} Rh5 {[%emt 0:04:25]} 19. c5 {[%emt 0:03:10]} Qc7 {[%emt 0:02:39]} 20. b4 {[%emt 0:01:17]} Rah8 {[%emt 0:00:07]} 21. h4 {[%emt 0:15:02]} f5 {[%emt 0:01:41]} 22. f4 {[%emt 0:00:48]} Rb8 {[%emt 0:04:18]} 23. Rab1 {[%emt 0:04:51]} Rhh8 {[%emt 0:02:44]} 24. b5 {[%emt 0:03:13]} cxb5 {[%emt 0:02:51]} 25. Rxb5 {[%emt 0:01:52]} b6 {[%emt 0:07:09]} 26. c6 {[%emt 0:05:37]} Nf6 {[%emt 0:00:14]} 27. Qe5 {[%emt 0:01:06]} Rbc8 {[%emt 0:00:45]} 28. a4 {[%emt 0:01:50]} Qxe5 {[%emt 0:11:47]} 29. dxe5 {[%emt 0:01:51]} Nd5 {[%emt 0:00:45]} 30. Bxd5 {[%emt 0:01:22]} exd5 {[%emt 0:00:10]} 31. Rbxd5 {[%emt 0:00:41]} Rxc6 {[%emt 0:00:16]} 32. Rd7 {[%emt 0:00:22]} a5 {[%emt 0:01:32]} 33. R7d6 {[%emt 0:04:15]} Rhc8 {[%emt 0:00:37]} 34. Rxc6 {[%emt 0:01:39]} 1/2-1/2

[Event "WYCC U14 Open 2019"]
[Site "Mumbai"]
[Date "2019.10.09"]
[Round "8.3"]
[White "Sreeshwan Maralakshikari"]
[Black "Vo, Pham Thien Phuc"]
[Result "1/2-1/2"]
[WhiteElo "2449"]
[BlackElo "1807"]
[Annotator "ChessBase"]
[PlyCount "83"]
[EventDate "2019.10.02"]
[EventType "swiss"]
[EventCountry "IND"]
[SourceTitle "playchess.com"]
[Source "ChessBase"]
[SourceQuality "1"]
[TimeControl "40/5400+30:1800+30"]

1. d4 {[%emt 0:00:00]} Nf6 {[%emt 0:00:00]} 2. c4 {[%emt 0:00:00]} g6 {[%emt 0:00:00]} 3. Nc3 {[%emt 0:00:00]} Bg7 {[%emt 0:00:00]} 4. Nf3 {[%emt 0:00:00]} O-O {[%emt 0:00:00]} 5. e4 {[%emt 0:00:00]} d6 {[%emt 0:00:00]} 6. h3 {[%emt 0:00:00]} e5 {[%emt 0:00:00]} 7. d5 {[%emt 0:00:00]} a5 {[%emt 0:00:05]} 8. g4 {[%emt 0:00:00]} Na6 {[%emt 0:00:32]} 9. Be3 {[%emt 0:00:05]} Kh8 {[%emt 0:03:46]} 10. Be2 {[%emt 0:01:12]} Nd7 {[%emt 0:02:14]} 11. a3 {[%emt 0:01:23]} Nb6 {[%emt 0:02:11]} 12. g5 {[%emt 0:10:14]} Nc5 {[%emt 0:11:34]} 13. a4 {[%emt 0:08:18]} f5 {[%emt 0:11:15]} 14. gxf6 {[%emt 0:02:15]} Qxf6 {[%emt 0:00:53]} 15. b3 {[%emt 0:00:49]} Bd7 {[%emt 0:01:42]} 16. Kd2 {[%emt 0:12:08]} h6 {[%emt 0:14:30]} 17. Kc2 {[%emt 0:00:11]} Kh7 {[%emt 0:00:35]} 18. h4 {[%emt 0:02:16]} Qe7 {[%emt 0:15:19]} 19. Qd2 {[%emt 0:16:53]} Rf7 {[%emt 0:07:21]} 20. Rag1 {[%emt 0:14:22]} Raf8 {[%emt 0:00:37]} 21. h5 {[%emt 0:03:50]} g5 {[%emt 0:01:15]} 22. Bxg5 {[%emt 0:02:54]} Qe8 {[%emt 0:16:02]} 23. Bxh6 {[%emt 0:01:19]} Bxh6 {[%emt 0:01:37]} 24. Ng5+ {[%emt 0:00:01]} Bxg5 {[%emt 0:00:22]} 25. Qxg5 {[%emt 0:00:02]} Re7 {[%emt 0:09:49]} 26. h6 {[%emt 0:00:10]} Rg8 {[%emt 0:00:45]} 27. Qg7+ {[%emt 0:00:05]} Rgxg7 {[%emt 0:00:08]} 28. hxg7+ {[%emt 0:00:07]} Kg8 {[%emt 0:00:02]} 29. Rh8+ {[%emt 0:00:06]} Kf7 {[%emt 0:00:01]} 30. Rxe8 {[%emt 0:00:07]} Rxe8 {[%emt 0:00:07]} 31. Bh5+ {[%emt 0:00:04]} Kg8 {[%emt 0:00:02]} 32. Bxe8 {[%emt 0:00:08]} Bxe8 {[%emt 0:00:00]} 33. f3 {[%emt 0:00:10]} Nc8 {[%emt 0:01:16]} 34. Nd1 {[%emt 0:00:18]} Ne7 {[%emt 0:00:25]} 35. Ne3 {[%emt 0:00:07]} Bg6 {[%emt 0:00:04]} 36. Kc3 {[%emt 0:00:51]} Na6 {[%emt 0:01:17]} 37. Rg4 {[%emt 0:00:15]} Kf7 {[%emt 0:02:04]} 38. Nf5 {[%emt 0:03:56]} Bxf5 {[%emt 0:00:11]} 39. exf5 {[%emt 0:00:05]} Ng8 {[%emt 0:00:34]} 40. Rg6 {[%emt 0:01:33]} Nb4 {[%emt 0:00:44]} 41. Kd2 {[%emt 0:30:34]} Na6 {[%emt 0:30:23]} 42. Kc3 {[%emt 0:00:07]} 1/2-1/2

[Event "WYCC U14 Open 2019"]
[Site "Mumbai"]
[Date "2019.10.09"]
[Round "8.4"]
[White "Pranav Anand"]
[Black "Luczak, Filip"]
[Result "1/2-1/2"]
[WhiteElo "2351"]
[BlackElo "2136"]
[Annotator "ChessBase"]
[PlyCount "119"]
[EventDate "2019.10.02"]
[EventType "swiss"]
[EventCountry "IND"]
[SourceTitle "playchess.com"]
[Source "ChessBase"]
[SourceQuality "1"]
[TimeControl "40/5400+30:1800+30"]

1. d4 {[%emt 0:00:00]} Nf6 {[%emt 0:00:00]} 2. c4 {[%emt 0:00:00]} c5 {[%emt 0:00:00]} 3. d5 {[%emt 0:00:00]} b5 {[%emt 0:00:00]} 4. cxb5 {[%emt 0:00:00]} a6 {[%emt 0:00:00]} 5. bxa6 {[%emt 0:00:00]} g6 {[%emt 0:00:00]} 6. Nc3 {[%emt 0:00:04]} Bg7 {[%emt 0:00:00]} 7. Nf3 {[%emt 0:00:06]} O-O {[%emt 0:00:00]} 8. e4 {[%emt 0:00:05]} Qa5 {[%emt 0:00:01]} 9. Bd2 {[%emt 0:00:18]} Bxa6 {[%emt 0:00:08]} 10. Be2 {[%emt 0:00:25]} d6 {[%emt 0:00:50]} 11. O-O {[%emt 0:00:23]} Bxe2 {[%emt 0:00:03]} 12. Qxe2 {[%emt 0:00:06]} Qa6 {[%emt 0:00:02]} 13. Qd1 {[%emt 0:00:07]} Nbd7 {[%emt 0:00:10]} 14. Qc2 {[%emt 0:01:07]} Rfb8 {[%emt 0:03:06]} 15. a4 {[%emt 0:09:36]} Rb4 {[%emt 0:00:05]} 16. Ra3 {[%emt 0:35:28]} Ng4 {[%emt 0:33:42]} 17. Rb1 {[%emt 0:06:32]} Bxc3 {[%emt 0:08:21]} 18. Bxc3 {[%emt 0:09:04]} Rxa4 {[%emt 0:03:02]} 19. Rxa4 {[%emt 0:00:32]} Qxa4 {[%emt 0:00:13]} 20. Qe2 {[%emt 0:00:31]} Qa6 {[%emt 0:17:48]} 21. Qd2 {[%emt 0:01:20]} Nge5 {[%emt 0:13:55]} 22. Nxe5 {[%emt 0:03:41]} Nxe5 {[%emt 0:00:40]} 23. Re1 {[%emt 0:08:39]} Qd3 {[%emt 0:04:47]} 24. Qf4 {[%emt 0:02:36]} f6 {[%emt 0:03:13]} 25. h4 {[%emt 0:09:40]} Qc2 {[%emt 0:05:36]} 26. Bxe5 {[%emt 0:11:19]} fxe5 {[%emt 0:01:59]} 27. Qg5 {[%emt 0:00:48]} Rf8 {[%emt 0:03:04]} 28. f3 {[%emt 0:00:37]} Qxb2 {[%emt 0:00:28]} 29. Qxe7 {[%emt 0:00:34]} Qb6 {[%emt 0:00:23]} 30. Ra1 {[%emt 0:00:46]} c4+ {[%emt 0:01:30]} 31. Kh2 {[%emt 0:00:15]} Rf7 {[%emt 0:01:40]} 32. Qe6 {[%emt 0:00:48]} Kg7 {[%emt 0:00:35]} 33. h5 {[%emt 0:00:30]} gxh5 34. Qc8 {[%emt 0:00:27]} Qc7 {[%emt 0:00:53]} 35. Ra8 {[%emt 0:00:15]} c3 {[%emt 0:00:32]} 36. Qg8+ {[%emt 0:00:42]} Kh6 37. Rc8 {[%emt 0:00:26]} Qe7 {[%emt 0:00:50]} 38. Qg3 {[%emt 0:00:14]} Rf4 {[%emt 0:00:49]} 39. Qf2 {[%emt 0:00:46]} h4 {[%emt 0:00:32]} 40. Rxc3 {[%emt 0:00:09]} Qg5 {[%emt 0:00:23]} 41. Rc6 {[%emt 0:06:46]} Rf6 {[%emt 0:02:47]} 42. Kh3 {[%emt 0:03:24]} Kh5 {[%emt 0:02:23]} 43. Rc7 {[%emt 0:03:12]} h6 {[%emt 0:01:32]} 44. Rd7 {[%emt 0:00:47]} Rg6 {[%emt 0:11:49]} 45. Rf7 {[%emt 0:02:53]} Rf6 {[%emt 0:04:54]} 46. Re7 {[%emt 0:09:14]} Rg6 {[%emt 0:03:11]} 47. Re6 {[%emt 0:01:57]} Rf6 {[%emt 0:04:26]} 48. Kh2 {[%emt 0:06:01]} Qf4+ {[%emt 0:00:24]} 49. Kh3 {[%emt 0:00:26]} Qg5 {[%emt 0:00:40]} 50. Rxf6 {[%emt 0:00:26]} Qxf6 {[%emt 0:00:08]} 51. Qa7 {[%emt 0:00:40]} Qg6 {[%emt 0:01:41]} 52. g4+ {[%emt 0:00:42]} hxg3 {[%emt 0:01:36]} 53. Qe7 {[%emt 0:00:22]} Qg5 {[%emt 0:00:16]} 54. Qe8+ {[%emt 0:00:35]} Qg6 {[%emt 0:00:11]} 55. Qd8 {[%emt 0:00:18]} Qg5 {[%emt 0:00:12]} 56. Qe8+ {[%emt 0:00:47]} Qg6 {[%emt 0:00:05]} 57. Qe7 {[%emt 0:00:30]} Qg5 {[%emt 0:00:06]} 58. Qf7+ {[%emt 0:00:10]} Qg6 {[%emt 0:00:07]} 59. Qe7 {[%emt 0:00:48]} Qg5 {[%emt 0:00:04]} 60. Qe8+ {[%emt 0:00:30]} 1/2-1/2

[Event "WYCC U14 Open 2019"]
[Site "Mumbai"]
[Date "2019.10.09"]
[Round "8.5"]
[White "Chyzy, Jakub"]
[Black "Wu, Logan"]
[Result "1-0"]
[WhiteElo "2327"]
[BlackElo "1994"]
[Annotator "ChessBase"]
[PlyCount "61"]
[EventDate "2019.10.02"]
[EventType "swiss"]
[EventCountry "IND"]
[SourceTitle "playchess.com"]
[Source "ChessBase"]
[SourceQuality "1"]
[TimeControl "40/5400+30:1800+30"]

1. e4 {[%emt 0:00:00]} c5 {[%emt 0:00:00]} 2. Nf3 {[%emt 0:00:00]} d6 {[%emt 0:00:00]} 3. d4 {[%emt 0:00:00]} Nf6 {[%emt 0:00:00]} 4. Nc3 {[%emt 0:00:00]} cxd4 {[%emt 0:00:00]} 5. Nxd4 {[%emt 0:00:00]} a6 {[%emt 0:00:00]} 6. Be3 {[%emt 0:00:00]} e6 {[%emt 0:00:05]} 7. f3 {[%emt 0:00:02]} b5 {[%emt 0:00:08]} 8. Qd2 {[%emt 0:00:14]} Nbd7 {[%emt 0:00:09]} 9. g4 {[%emt 0:01:44]} h6 {[%emt 0:00:24]} 10. O-O-O {[%emt 0:00:26]} b4 {[%emt 0:05:38]} 11. Na4 {[%emt 0:06:46]} Qc7 {[%emt 0:04:00]} 12. b3 {[%emt 0:12:36]} d5 {[%emt 0:07:44]} 13. exd5 {[%emt 0:07:05]} Nxd5 {[%emt 0:00:16]} 14. Bc4 {[%emt 0:01:41]} Nxe3 {[%emt 0:15:28]} 15. Qxe3 {[%emt 0:02:16]} Be7 {[%emt 0:04:32]} 16. Bxe6 {[%emt 0:16:23]} O-O {[%emt 0:34:11]} 17. Kb1 {[%emt 0:07:26]} fxe6 {[%emt 0:01:33]} 18. Nxe6 {[%emt 0:03:17]} Qa7 {[%emt 0:03:00]} 19. Qxa7 {[%emt 0:02:56]} Rxa7 {[%emt 0:00:05]} 20. Nxf8 {[%emt 0:00:21]} Kxf8 {[%emt 0:03:00]} 21. Rhe1 {[%emt 0:01:32]} Kf7 {[%emt 0:01:43]} 22. Rd4 {[%emt 0:03:52]} Rc7 {[%emt 0:02:02]} 23. Nb2 {[%emt 0:03:46]} Bb7 {[%emt 0:06:45]} 24. Nc4 {[%emt 0:07:07]} Bf6 {[%emt 0:02:39]} 25. Nd6+ {[%emt 0:02:23]} Kg6 {[%emt 0:00:26]} 26. Rxb4 {[%emt 0:02:40]} Bxf3 {[%emt 0:00:43]} 27. Ne8 {[%emt 0:02:21]} Rc6 {[%emt 0:02:18]} 28. Rf4 {[%emt 0:05:18]} Bc3 {[%emt 0:03:28]} 29. Re7 {[%emt 0:01:59]} Bg2 {[%emt 0:03:22]} 30. Rxd7 {[%emt 0:00:41]} Re6 {[%emt 0:00:05]} 31. Rd6 {[%emt 0:00:27]} 1-0

[Event "WYCC U14 Open 2019"]
[Site "Mumbai"]
[Date "2019.10.09"]
[Round "8.6"]
[White "Flores Quillas, Diego Saul Rodri"]
[Black "Shah Jeet"]
[Result "0-1"]
[WhiteElo "2164"]
[BlackElo "1844"]
[Annotator "ChessBase"]
[PlyCount "78"]
[EventDate "2019.10.02"]
[EventType "swiss"]
[EventCountry "IND"]
[SourceTitle "playchess.com"]
[Source "ChessBase"]
[SourceQuality "1"]
[TimeControl "40/5400+30:1800+30"]

1. e4 {[%emt 0:01:57]} e5 {[%emt 0:00:00]} 2. Nf3 {[%emt 0:00:31]} Nc6 {[%emt 0:00:00]} 3. Bb5 {[%emt 0:00:12]} a6 {[%emt 0:00:00]} 4. Ba4 {[%emt 0:00:03]} Nf6 {[%emt 0:00:01]} 5. O-O {[%emt 0:00:14]} Be7 {[%emt 0:00:05]} 6. Re1 {[%emt 0:00:18]} b5 {[%emt 0:00:06]} 7. Bb3 {[%emt 0:00:03]} d6 {[%emt 0:00:04]} 8. c3 {[%emt 0:00:03]} O-O {[%emt 0:00:13]} 9. h3 {[%emt 0:00:03]} Nb8 {[%emt 0:00:08]} 10. d4 {[%emt 0:00:08]} Nbd7 {[%emt 0:00:04]} 11. Nbd2 {[%emt 0:00:07]} Bb7 {[%emt 0:00:04]} 12. Bc2 {[%emt 0:00:31]} Re8 {[%emt 0:00:07]} 13. Nf1 {[%emt 0:00:07]} Bf8 {[%emt 0:00:03]} 14. Ng3 {[%emt 0:00:06]} g6 {[%emt 0:00:03]} 15. a4 {[%emt 0:00:19]} c5 {[%emt 0:00:13]} 16. d5 {[%emt 0:00:26]} c4 {[%emt 0:00:05]} 17. Bg5 {[%emt 0:00:14]} h6 {[%emt 0:00:06]} 18. Be3 {[%emt 0:00:05]} Nc5 {[%emt 0:00:18]} 19. Qd2 {[%emt 0:00:23]} h5 {[%emt 0:06:13]} 20. Bg5 {[%emt 0:00:07]} Be7 {[%emt 0:01:30]} 21. Ra3 {[%emt 0:01:18]} Nfd7 {[%emt 0:11:17]} 22. Be3 {[%emt 0:02:28]} Qc7 {[%emt 0:07:38]} 23. Rf1 {[%emt 0:21:14]} Bf6 {[%emt 0:12:23]} 24. Ng5 {[%emt 0:05:39]} Nb6 {[%emt 0:08:07]} 25. axb5 {[%emt 0:00:31]} axb5 {[%emt 0:00:14]} 26. Rxa8 {[%emt 0:00:10]} Bxa8 {[%emt 0:04:46]} 27. h4 {[%emt 0:18:39]} Qe7 {[%emt 0:04:31]} 28. f4 {[%emt 0:07:08]} exf4 {[%emt 0:01:24]} 29. Rxf4 {[%emt 0:02:08]} Bxg5 {[%emt 0:04:04]} 30. hxg5 {[%emt 0:00:07]} Nxd5 {[%emt 0:00:52]} 31. exd5 {[%emt 0:06:47]} Qxe3+ {[%emt 0:00:04]} 32. Qxe3 {[%emt 0:00:08]} Rxe3 {[%emt 0:00:03]} 33. Ne4 {[%emt 0:00:08]} Re2 {[%emt 0:06:45]} 34. Nxc5 {[%emt 0:16:25]} dxc5 {[%emt 0:05:24]} 35. Be4 {[%emt 0:06:54]} Rxb2 {[%emt 0:07:47]} 36. Rf6 {[%emt 0:00:08]} Re2 {[%emt 0:03:21]} 37. Ra6 {[%emt 0:12:01]} Rxe4 {[%emt 0:01:05]} 38. Rxa8+ {[%emt 0:00:02]} Kg7 {[%emt 0:00:00]} 39. Ra5 {[%emt 0:00:12]} b4 {[%emt 0:01:22]} 0-1

[Event "WYCC U14 Open 2019"]
[Site "Mumbai"]
[Date "2019.10.09"]
[Round "8.7"]
[White "Murzin, Volodar"]
[Black "Ayush Sharma"]
[Result "1-0"]
[WhiteElo "2433"]
[BlackElo "1939"]
[Annotator "TA"]
[PlyCount "72"]
[EventDate "2019.10.02"]
[EventType "swiss"]
[EventCountry "IND"]
[SourceTitle "playchess.com"]
[Source "ChessBase"]
[SourceQuality "1"]

{[%evp 9,72,27,27,27,51,27,27,26,23,26,26,22,20,29,65,64,60,53,60,30,22,23,115,108,377,368,360,364,458,453,441,452,531,518,640,530,532,520,518,525,910,905,890,856,983,981,993,956,1189,1200,1539,1404,2074,2029,1695,1595,29980,2343,2343,1825,2333,2332,2286,2212,1663]} 1. e4 e6 2. d4 d5 3. exd5 exd5 4. Nf3 Bf5 5. Bd3 Bxd3 6. Qxd3 {C01: French: Exchange Variation} c6 7. O-O Bd6 8. b3 {White has an edge.} Ne7 9. c4 O-O 10. Nc3 Nd7 11. Bg5 f6 12. Bd2 Qe8 $146 ({Predecessor:} 12... Re8 13. Rfe1 Nf8 14. Re2 Bb4 15. Rae1 Bxc3 16. Qxc3 Qd7 17. Qa5 Kf7 18. Bb4 {½-½ (18) Ponomariov,R (2697)-Stupak,K (2541) Batumi 2018}) 13. Rfe1 Qf7 14. c5 Bc7 15. b4 a5 (15... a6 $11) 16. b5 $36 {[%mdl 2048] Keeping Black busy.} b6 $2 {[%mdl 8192] [#]} (16... Ng6 $16 17. g3 Nde5 18. dxe5 fxe5) 17. Rxe7 $1 $18 {[%mdl 512]} Qxe7 18. bxc6 Nb8 19. cxb6 Bxb6 20. Nxd5 Qd8 21. Qc4 Rf7 22. Re1 {[%cal Ba1e1,Be1e7,Be7b7][%mdl 32] And now c7! would win.} Na6 23. Nxb6 {[%mdl 64] Overworked Piece} Qxb6 24. Re7 Raf8 {Black hopes to continue with ...Nc7.} 25. Rb7 Qd8 26. Qxa6 Qd5 27. a4 Rxb7 28. Qxb7 Re8 29. Qb5 Qa2 30. h3 Qa1+ 31. Kh2 Qa3 32. Bf4 g5 33. c7 (33. Qd5+ $142 Kg7 {[#]} 34. Nxg5 $1 {[%mdl 512]} fxg5 35. Qxg5+ Kf8 36. Qf5+ {[%mdl 64] Double Attack} Kg8 37. Qg4+ Kf7 38. Qh5+ {[%mdl 64] Double Attack} Ke7 39. Qe5+ Kf7 40. Qh5+ {[%mdl 64] Double Attack} Ke7 41. Qe5+ Kf7 42. Qh5+ {[%mdl 64] Double Attack}) 33... Qf8 {White is clearly winning.} 34. Bg3 h5 35. h4 g4 36. Ng1 f5 {Accuracy: White = 82%, Black = 41%.} 1-0

[Event "WYCC U14 Open 2019"]
[Site "Mumbai"]
[Date "2019.10.09"]
[Round "8.8"]
[White "Tsvetkov, Andrey"]
[Black "Nikhil Magizhnan"]
[Result "1-0"]
[WhiteElo "2382"]
[BlackElo "2160"]
[Annotator "TA"]
[PlyCount "25"]
[EventDate "2019.10.02"]
[EventType "swiss"]
[EventCountry "IND"]
[SourceTitle "playchess.com"]
[Source "ChessBase"]
[SourceQuality "1"]

{[%evp 1,1,17]} 1. Nf3 {Predecessor:} Nf6 $146 2. c4 c5 3. Nc3 d5 4. cxd5 Nxd5 5. e3 Nxc3 6. dxc3 Qc7 7. e4 e6 8. Bd3 Be7 9. Qe2 Bd7 10. O-O O-O 11. e5 Bc6 12. Ng5 h6 13. Bh7+ {1-0 (45) Radjabov,T (2758)-Vachier Lagrave,M (2774) Khanty-Mansiysk 2019} 1-0

[Event "WYCC U14 Open 2019"]
[Site "Mumbai"]
[Date "2019.10.09"]
[Round "8.9"]
[White "Samant Aditya S"]
[Black "Madaminov, Mukhiddin"]
[Result "1-0"]
[WhiteElo "2334"]
[BlackElo "2045"]
[Annotator "ChessBase"]
[PlyCount "63"]
[EventDate "2019.10.02"]
[EventType "swiss"]
[EventCountry "IND"]
[SourceTitle "playchess.com"]
[Source "ChessBase"]
[SourceQuality "1"]
[TimeControl "40/5400+30:1800+30"]

1. e4 e5 2. Nf3 Nc6 3. Bb5 Nf6 4. O-O Bc5 5. Nxe5 Nxe4 6. Qe2 Nxe5 7. Qxe4 Qe7 8. d4 Nc6 9. Qxe7+ Bxe7 10. c3 d6 11. Bf4 Be6 12. Nd2 Kd7 13. a4 g5 14. Be3 f5 15. f4 g4 16. Rfe1 a6 17. Bd3 Rhf8 18. Bf2 d5 19. Nb3 b6 20. Re2 Bd6 21. g3 a5 22. Bb5 Bf7 23. Re5 Bg8 24. Rae1 Rf6 25. c4 dxc4 26. d5 Bxe5 27. dxc6+ Rxc6 28. fxe5 cxb3 29. Rd1+ Ke7 30. Bxc6 Rd8 31. Rd2 Rd6 32. Rxd6 {Kd8} 1-0

[Event "WYCC U14 Open 2019"]
[Site "Mumbai"]
[Date "2019.10.09"]
[Round "8.10"]
[White "Pranav Vijay"]
[Black "Manish, Kumar"]
[Result "1/2-1/2"]
[WhiteElo "2265"]
[BlackElo "2132"]
[Annotator "ChessBase"]
[PlyCount "106"]
[EventDate "2019.10.02"]
[EventType "swiss"]
[EventCountry "IND"]
[SourceTitle "playchess.com"]
[Source "ChessBase"]
[SourceQuality "1"]
[TimeControl "40/5400+30:1800+30"]

1. e4 {[%emt 0:00:00]} c5 {[%emt 0:00:00]} 2. Nf3 {[%emt 0:00:00]} g6 {[%emt 0:00:00]} 3. d4 {[%emt 0:00:15]} cxd4 {[%emt 0:00:00]} 4. Qxd4 {[%emt 0:00:38]} Nf6 {[%emt 0:00:01]} 5. Bb5 {[%emt 0:00:08]} Nc6 {[%emt 0:00:18]} 6. Bxc6 {[%emt 0:00:14]} bxc6 {[%emt 0:00:02]} 7. Nc3 {[%emt 0:05:36]} Qb6 {[%emt 0:16:29]} 8. Qxb6 {[%emt 0:06:07]} axb6 {[%emt 0:00:03]} 9. e5 {[%emt 0:00:09]} Nd5 {[%emt 0:02:38]} 10. Nxd5 {[%emt 0:00:13]} cxd5 {[%emt 0:00:02]} 11. Be3 {[%emt 0:00:44]} Rb8 {[%emt 0:02:42]} 12. O-O-O {[%emt 0:06:19]} e6 {[%emt 0:00:29]} 13. Rhe1 {[%emt 0:03:41]} Ba6 {[%emt 0:04:47]} 14. Bg5 {[%emt 0:05:35]} Be7 {[%emt 0:16:53]} 15. Bh6 {[%emt 0:05:06]} Rg8 {[%emt 0:06:52]} 16. h4 {[%emt 0:00:29]} Bb7 {[%emt 0:05:49]} 17. Be3 {[%emt 0:09:24]} Bc6 {[%emt 0:05:37]} 18. g4 {[%emt 0:04:02]} d6 {[%emt 0:03:29]} 19. g5 {[%emt 0:01:25]} Kd7 {[%emt 0:08:22]} 20. Bf4 {[%emt 0:00:17]} Rgc8 {[%emt 0:01:27]} 21. Kb1 {[%emt 0:07:34]} Bb7 {[%emt 0:04:15]} 22. b3 {[%emt 0:00:53]} Rc3 {[%emt 0:03:54]} 23. Re3 {[%emt 0:02:50]} Rbc8 {[%emt 0:01:49]} 24. Rxc3 {[%emt 0:00:09]} Rxc3 {[%emt 0:00:02]} 25. Be3 {[%emt 0:00:00]} Ba6 {[%emt 0:01:52]} 26. Rd2 {[%emt 0:00:53]} Ke8 {[%emt 0:06:49]} 27. Kb2 {[%emt 0:00:39]} Rc6 {[%emt 0:04:10]} 28. c3 {[%emt 0:00:21]} dxe5 {[%emt 0:03:17]} 29. Nxe5 {[%emt 0:00:07]} Rd6 {[%emt 0:00:03]} 30. Ng4 {[%emt 0:00:26]} Bf1 {[%emt 0:01:19]} 31. Bd4 {[%emt 0:00:38]} Bh3 32. Ne3 {[%emt 0:00:12]} b5 {[%emt 0:01:43]} 33. Bc5 {[%emt 0:03:20]} Rc6 {[%emt 0:00:12]} 34. Bxe7 {[%emt 0:00:07]} Kxe7 {[%emt 0:00:02]} 35. Rd4 {[%emt 0:00:13]} f6 {[%emt 0:01:04]} 36. Rb4 {[%emt 0:00:04]} Rc5 {[%emt 0:00:26]} 37. Rf4 {[%emt 0:02:08]} Bf5 {[%emt 0:00:21]} 38. Rd4 {[%emt 0:02:02]} fxg5 {[%emt 0:01:06]} 39. hxg5 {[%emt 0:00:02]} Be4 {[%emt 0:00:09]} 40. Ng4 Rc8 {[%emt 0:00:49]} 41. Rb4 {[%emt 0:34:44]} Rf8 {[%emt 0:08:15]} 42. Nf6 {[%emt 0:00:00]} Bd3 {[%emt 0:04:30]} 43. Rd4 {[%emt 0:00:00]} Bf5 {[%emt 0:01:32]} 44. Rb4 {[%emt 0:00:00]} h5 {[%emt 0:08:57]} 45. Rxb5 {[%emt 0:00:00]} Rh8 {[%emt 0:01:44]} 46. c4 {[%emt 0:00:00]} h4 {[%emt 0:00:45]} 47. c5 {[%emt 0:00:00]} e5 {[%emt 0:00:03]} 48. Rb7+ {[%emt 0:00:00]} Ke6 {[%emt 0:00:05]} 49. Rb6+ {[%emt 0:00:00]} Kf7 {[%emt 0:00:05]} 50. Rb7+ {[%emt 0:00:00]} Ke6 {[%emt 0:00:02]} 51. Rb6+ {[%emt 0:00:00]} Kf7 {[%emt 0:00:14]} 52. Rb7+ {[%emt 0:00:00]} Ke6 {[%emt 0:00:02]} 53. Rb6+ {[%emt 0:00:00]} Kf7 1/2-1/2